Section 6 Runners Quiz Stats

 Plays Quiz not verified by Sporcle

Score 0/96 Timer 10:00
0 Plays Today
% Correct
Mitchell Daddario
100%
Matthew Ciminella
100%
Brendan Doyle
100%
Kevin Terragnoli
100%
Aileen Doyle
100%
Jenny Delsignore
100%
Livia Chase
100%
Ally Ortega
100%
Daniel Huben
92.3%
Brendan Keany
92.3%
Gene Baritot
92.3%
Matt Prohaska
92.3%
Carl Daigler
92.3%
Ian Emerick
92.3%
Marta McLaughlin
92.3%
Sophia Tasselmeyer
92.3%
Kennedy Lewandowski
92.3%
Mitch Lioacano
84.6%
Dan Jones
84.6%
TJ Hornberger
84.6%
Matt McLaughlin
84.6%
Paul Swartz
84.6%
Megan Baritot
84.6%
Megan Marsh
84.6%
Jack Jibb
76.9%
Mike Leczinsky
76.9%
Sean Phillips
76.9%
John Panus
76.9%
Calvin Butlak
76.9%
Ian Yargeau
76.9%
Kenny Vasbinder
76.9%
Nigel Cordulla
76.9%
% Correct
Carolyn Hopkins
76.9%
Madeline Murray
76.9%
Clare Losito
76.9%
Hope Pietrocarlo
76.9%
Zachery Kuloszewski
69.2%
Ryan Konotopskyj
69.2%
Aaron Amo
69.2%
Curtis Wojcik
69.2%
Andrew Masiello
69.2%
Seamus Degan
69.2%
Marissa Saenger
69.2%
Danielle Dorogi
69.2%
Kalen Sullivan
61.5%
Dan Heavern
61.5%
Stefano Agostino
61.5%
Lauren Reyda
61.5%
Jake Wojnicki
53.8%
Justin LaRosa
53.8%
Zach Stumpf
53.8%
Jordan Bender
53.8%
Jeremy Zgoda
46.2%
Cory Wefing
46.2%
Hannah Kennedy
46.2%
Holly Heil
46.2%
Caroline Benson
46.2%
Caleb Johnson
38.5%
Katrina Patterson
38.5%
Anna Saraf
38.5%
Sam Henry
38.5%
Kelly Bochnewetch
38.5%
Taylor Norris
38.5%
Colby Baney
30.8%
% Correct
Brett Rosato
30.8%
Sean Turner
30.8%
Abbey Lang
30.8%
Hannah Kurbs
30.8%
Rebekah Zee
30.8%
Kristen Holmberg
30.8%
Eliza Papke
30.8%
Connor Doran
23.1%
Sidney Spaschak
23.1%
Michaela Tramuta
23.1%
Nick Zagmester
15.4%
Jordan Powers
15.4%
Esther Grossman
15.4%
Rebecca Schmitt
15.4%
Katelyn Jaroszewski
15.4%
Kaylea Rustay
15.4%
Clare Foley
15.4%
Savannah Warner
15.4%
Matt Kaczmarek
7.7%
John Benzee
7.7%
Ryan Hetrick
7.7%
Dylan Servos
7.7%
Bryce Moeller
7.7%
Olivia Zabrodsky
7.7%
Mackenzie Donahue
7.7%
Fiona Danieu
7.7%
Hannah Fredriksen
7.7%
Natalie Cummings
7.7%
Jessica Wojkowiak
7.7%
Holly Eliason
7.7%
Zach Neilans
0%
Tyler Gratz
0%

You're not logged in!

Compare scores with friends on all Sporcle quizzes.
OR
Log In

Show Comments

Extras

Created Feb 21, 2013ReportNominate
Tags:runner, section

Top Quizzes Today


Score Distribution

Your Account Isn't Verified!

In order to create a playlist on Sporcle, you need to verify the email address you used during registration. Go to your Sporcle Settings to finish the process.

Report this User

Report this user for behavior that violates our Community Guidelines.

Details: